Fundamentals of Physics (Record no. 611424)

000 -LEADER
fixed length control field 00371nam a22001457a 4500
020 ## - INTERNATIONAL STANDARD BOOK NUMBER
International Standard Book Number 9971512599
040 ## - CATALOGING SOURCE
Transcribing agency Nust
082 ## - DEWEY DECIMAL CLASSIFICATION NUMBER
Classification number 530
Author Mark HAL
100 ## - MAIN ENTRY--PERSONAL NAME
Personal name David Halliday
9 (RLIN) 40162
245 ## - TITLE STATEMENT
Title Fundamentals of Physics
250 ## - EDITION STATEMENT
Edition statement 5th Edition
260 ## - PUBLICATION, DISTRIBUTION, ETC.
Place of publication, distribution, etc. Now York:
Name of publisher, distributor, etc. John Wiley and sons Inc,
Date of publication, distribution, etc. 1997.
650 ## - SUBJECT ADDED ENTRY--TOPICAL TERM
Topical term or geographic name entry element Fundamentals of Physics
9 (RLIN) 124532
942 ## - ADDED ENTRY ELEMENTS (KOHA)
Source of classification or shelving scheme
Koha item type Book
Holdings
Withdrawn status Lost status Source of classification or shelving scheme Damaged status Not for loan Permanent Location Current Location Shelving location Date acquired Total Checkouts Full call number Barcode Date last seen Price effective from Koha item type
          College of Electrical & Mechanical Engineering (CEME) College of Electrical & Mechanical Engineering (CEME) General Stacks 09/09/2024   530 HAL CEME- 33375 09/09/2024 09/09/2024 Book
© 2023 Central Library, National University of Sciences and Technology. All Rights Reserved.